Library of the University of Algiers 3
Ibrahim Sultan Cheibout
شعار جامعة الجزائر 3
مكتبة جامعة الجزائر 3
إبراهيم سلطان شيبوط

أسس المحاسبة المالية : (رقم التسجيلة. 45365)

تفاصيل مارك
000 -LEADER
fixed length control field 01105nam a2200229Ia 4500
003 - CONTROL NUMBER IDENTIFIER
control field Ost
005 - DATE AND TIME OF LATEST TRANSACTION
control field 20260507075639.0
008 - FIXED-LENGTH DATA ELEMENTS--GENERAL INFORMATION
fixed length control field 260507s9999||||xx |||||||||||||| ||und||
020 ## - INTERNATIONAL STANDARD BOOK NUMBER
International Standard Book Number 9957320521
040 ## - CATALOGING SOURCE
Transcribing agency fsecg
041 ## - LANGUAGE CODE
Language code of text/sound track or separate title ara
082 ## - DEWEY DECIMAL CLASSIFICATION NUMBER
Classification number 657.46
100 ## - MAIN ENTRY--PERSONAL NAME
Personal name رضوان، حلوة حنان
Relator term مؤلف
245 #0 - TITLE STATEMENT
Title أسس المحاسبة المالية :
Remainder of title قياس بنود قائمة المركز المالي /
Statement of responsibility, etc. حلوة حنان رضوان
260 ## - PUBLICATION, DISTRIBUTION, ETC.
Place of publication, distribution, etc. عمان:
Name of publisher, distributor, etc. دار الحامد,
Date of publication, distribution, etc. 2004
300 ## - PHYSICAL DESCRIPTION
Extent 400 صفحة؛
Other physical details إيضاحات ؛
Dimensions 25 سم
504 ## - BIBLIOGRAPHY, ETC. NOTE
Bibliography, etc. note المراجع ص. 399
520 ## - SUMMARY, ETC.
Summary, etc. الطار النظري للقياس المحاسبي، أسس قياس قائمة المركز المالي،النقدية،الاستثمارات المالية،المخزون السلعي،الاصول الثابتة،الالتزامات المتداولة،الالتزامات طويلة الاجل،حقوق الملكية
653 ## - INDEX TERM--UNCONTROLLED
Uncontrolled term المحاسبة التحليلية
700 ## - ADDED ENTRY--PERSONAL NAME
Personal name الحارس، أسامة وآخرون
Relator term مؤلف ثانوي
942 ## - ADDED ENTRY ELEMENTS (KOHA)
Koha item type كتب
المقتنيات
Withdrawn status Lost status Source of classification or shelving scheme Damaged status Not for loan Home library Current library Date acquired Serial enumeration / chronology Inventory number Total checkouts Full call number Barcode Date last seen Price effective from Koha item type
    Dewey Decimal Classification   NOT LOAN / إعارة داخلية مكتبة كلية العلوم الإقتصادية والعلوم التجارية وعلوم التسيير مكتبة كلية العلوم الإقتصادية والعلوم التجارية وعلوم التسيير 07/05/2026 الطابق الأرضي 850/1   أ/850ن1 850/1 07/05/2026 07/05/2026 كتب
    Dewey Decimal Classification   Available مكتبة كلية العلوم الإقتصادية والعلوم التجارية وعلوم التسيير مكتبة كلية العلوم الإقتصادية والعلوم التجارية وعلوم التسيير 07/05/2026 الطابق الأرضي 850/2   أ/850ن2 850/2 07/05/2026 07/05/2026 كتب
    Dewey Decimal Classification   Available مكتبة كلية العلوم الإقتصادية والعلوم التجارية وعلوم التسيير مكتبة كلية العلوم الإقتصادية والعلوم التجارية وعلوم التسيير 07/05/2026 الطابق الأرضي 850/3   أ/850ن3 850/3 07/05/2026 07/05/2026 كتب
    Dewey Decimal Classification   Available مكتبة كلية العلوم الإقتصادية والعلوم التجارية وعلوم التسيير مكتبة كلية العلوم الإقتصادية والعلوم التجارية وعلوم التسيير 07/05/2026 الطابق الأرضي 850/4   أ/850ن4 850/4 07/05/2026 07/05/2026 كتب
    Dewey Decimal Classification   Available مكتبة كلية العلوم الإقتصادية والعلوم التجارية وعلوم التسيير مكتبة كلية العلوم الإقتصادية والعلوم التجارية وعلوم التسيير 07/05/2026 الطابق الأرضي 850/5   أ/850ن5 850/5 07/05/2026 07/05/2026 كتب
    Dewey Decimal Classification   Available مكتبة كلية العلوم الإقتصادية والعلوم التجارية وعلوم التسيير مكتبة كلية العلوم الإقتصادية والعلوم التجارية وعلوم التسيير 07/05/2026 الطابق الثاني 850/6   أ/850ن6 850/6 07/05/2026 07/05/2026 كتب
    Dewey Decimal Classification   Available مكتبة كلية العلوم الإقتصادية والعلوم التجارية وعلوم التسيير مكتبة كلية العلوم الإقتصادية والعلوم التجارية وعلوم التسيير 07/05/2026 الطابق الثاني 850/7   أ/850ن7 850/7 07/05/2026 07/05/2026 كتب
    Dewey Decimal Classification   Available مكتبة كلية العلوم الإقتصادية والعلوم التجارية وعلوم التسيير مكتبة كلية العلوم الإقتصادية والعلوم التجارية وعلوم التسيير 07/05/2026 الطابق الثاني 850/8   أ/850ن8 850/8 07/05/2026 07/05/2026 كتب

موارد الويب المفتوحة


© University of Algiers 3 All Rights Reserved
|
Implemented by LECHELAH Riad